Ombres Pokémon - Statistiques

Statistiques générales
  • Ce quiz a été pris 51 fois
  • Le résultat moyen est 17 sur 20
Statistiques - réponses
Par images Réponse % Correct
Hypnomade
96%
Rattatac
96%
Tauros
96%
Manaphy
91%
Migalos
91%
Empiflor
89%
Genesect
89%
Munna
89%
Entei
87%
Kaorine
87%
Chinchidou
84%
Moufouette
84%
Kokiyas
80%
Regieleki
80%
Deusolourdo
78%
Lampignon
78%
Mordudor
76%
Nounourson
76%
Pelage-Sablé
69%
Cryodo
60%
Aucun quiz correspondant
Distribution des résultats
% des personnes avec chaque résultat
Percentile par nombre de réponses
Votre historique - résultats
Vous n’avez pas pris ce quiz